Özel Hukukta Yüklenti Kavramı ve Sonuçları / (Record no. 56)
[ view plain ]
| 000 -BAŞLIK | |
|---|---|
| Sabit Uzunluktaki Kontrol Alanı | 00543nam a22002057a 4500 |
| 001 - KONTROL NUMARASI | |
| Control Dosyası | 56 |
| 003 - KONTROL NUMARASI KİMLİĞİ | |
| Kontrol Alanı | KOHA_MİRAKIL |
| 005 - EN SON İŞLEM TARİHİ ve ZAMANI | |
| Kontrol Alanı | 20230712105322.0 |
| 008 - SABİT UZUNLUKTAKİ VERİ ÖGELERİ - GENEL BİLGİ | |
| Sabit Alan | 230712b tu ||||| |||| 00| 0 tur d |
| 020 ## - ISBN - ULUSLARARASI STANDART KİTAP NUMARASI | |
| Isbn | 975-486-871-3 |
| 040 ## - KATALOGLAMA KAYNAĞI | |
| Özgün Kataloglama Kurumu | TR-AnANB |
| Kataloglama Dili | tur |
| Çeviri Kurumu | TR-AnANB |
| 090 ## - YEREL YER NUMARASI | |
| Yerel Yer Numarası | Borçlar Hukuku-57 |
| 100 ## - KİŞİ ADI | |
| Yazar Adı (Kişi adı) | Aday, Nejat. |
| 245 #0 - ESER ADI BİLDİRİMİ | |
| Başlık | Özel Hukukta Yüklenti Kavramı ve Sonuçları / |
| Sorumluluk Bildirimi | Nejat Aday. |
| 250 ## - BASIM BİLDİRİMİ | |
| Basım Bildirimi | 1.Basım |
| 260 ## - YAYIN, DAĞITIM, VB. | |
| Yayın Yeri | İstanbul: |
| Yayınevi | Beta Yayınevi, |
| Yayın Tarihi | 2000. |
| 300 ## - FİZİKSEL TANIMLAMA | |
| Sayfa, Cilt vb. | 256 Sayfa |
| 650 ## - KONU BAŞLIĞI EK GİRİŞ - KONU TERİMİ | |
| Konusal terim veya coğrafi ad | Borçlar Hukuku |
| 942 ## - EK GİRİŞ ÖGELERİ (KOHA) | |
| Source of classification or shelving scheme | Dewey Decimal Classification |
| Koha item type | Book |
| Geri Çekilme Durumu | Kayıp Durumu | Sınıflandırma Kaynağı | Kredi için değil | Kalıcı Konum | Mevcut Konum | Kayıt Tarih | Toplam Ödünçverme | Yer Numarası | Demirbaş Numarası | Son Görülme Tarihi | Fatura Tarihi | Materyal Türü |
|---|---|---|---|---|---|---|---|---|---|---|---|---|
| Dewey Decimal Classification | AVUKAT YEKTA GÜNGÖR ÖZDEN KÜTÜPHANESİ | AVUKAT YEKTA GÜNGÖR ÖZDEN KÜTÜPHANESİ | 07/12/2023 | Borçlar Hukuku-57 | 000057 | 07/12/2023 | 07/12/2023 | Book |